| 000 | 00961nam a22002177a 4500 | ||
|---|---|---|---|
| 003 | OSt | ||
| 005 | 20260310082748.0 | ||
| 008 | 260310b |||||||| |||| 00| 0 eng d | ||
| 020 | _a978044809257910 | ||
| 040 |
_aDWCL GS lib _cOC |
||
| 082 | _aFic. K26g 1995 | ||
| 100 | _aKeene Carolyn | ||
| 245 |
_aThe Ghost Of Black Wood Hall _cCarolyn Keene |
||
| 260 |
_aNew York _bCarolyn Keene _c1948 |
||
| 300 |
_aExtent- vii, 178 pages: _billustrations ; _c20cm |
||
| 520 | _aNancy Drew investigates a series of, apparently, supernatural hauntings and jewelry thefts targeting vulnerable women, including Mrs. Putney. | ||
| 650 | _aThe Ghost of Blackwood Hall by Carolyn Keene, the "ghost" is actually a fraudulent, cruel hoax designed to swindle gullible people. | ||
| 650 | _athe danger of gullibility and the importance of skepticism when faced with seemingly supernatural events or charismatic manipulation. | ||
| 700 | _aCarolyn Keene | ||
| 942 |
_2ddc _cFIC. _n0 |
||
| 999 |
_c8886 _d8886 |
||